| 000 | 00747nam a2200193 a 4500 | ||
|---|---|---|---|
| 001 | 000037158 | ||
| 005 | 20200930080158.0 | ||
| 008 | 120220 2003 mx 000 0 spa d | ||
| 020 | _a9701865618 | ||
| 040 |
_aDO-SdBNP _bspa _cBNPHU |
||
| 082 |
_axxxx _bE79s |
||
| 245 | 0 | 3 | _aLa estadística de los servicios bibliotecarios. |
| 260 |
_aMéxico : _bConsejo Nacional Para la Cultura y las Artes, Dirección General de Bibliotecas, _c2003. |
||
| 300 |
_a59 p. ; _c21 cm. |
||
| 490 | 1 |
_aColección apoyo a la capacitación biblitecaria _aInstructivos |
|
| 500 | _aEn la cubierta Red Nacional de Bibliotecas Públicas | ||
| 500 | _aSegunda reimpresión de la tercera | ||
| 830 | 0 |
_aColección apoyo a la capacitación biblitecaria _pInstructivos _963562 |
|
| 999 |
_c36648 _d36648 |
||